00661nam a2200133 a 450000100100000000500170001000800410002704000250006808200150009311000580010824502560016626000760042230000290049800003056920200930062402.0110524s1938 dr 000 0 spa d aDO-SdBNPbspacBNPHU axxxbR426m1 aRepública DominicanabPresidencia de la República10aMensaje del excelentísimo señor Presidente de la República Generalísimo Rafael L. Trujillo Molina :bbenefactor de la patria, depositado ante el Congreso Nacional el 27 de febrero de 1938, dando cuenta de su admiración durante el año 1937. aCiudad Trujillo, República Dominicana :bImp. Listín Diario,c1938. a83 p. :bretr. ;c23 cm.